ARRUPE JESUIT UNIVERSITY

CORONAVIRUS -STOP THE SPREAD - CLEAN,DISINFECT,COVER

Being human : (Record no. 122057)

MARC details
000 -LEADER
fixed length control field 00925cam a2200313 a 4500
001 - CONTROL NUMBER
control field 5685254
003 - CONTROL NUMBER IDENTIFIER
control field ARRUPE
005 - DATE AND TIME OF LATEST TRANSACTION
control field 20150813020031.0
008 - FIXED-LENGTH DATA ELEMENTS--GENERAL INFORMATION
fixed length control field 060516s2006 enk b 001 0 eng
015 ## - NATIONAL BIBLIOGRAPHY NUMBER
National bibliography number GBA588044
Source bnb
016 7# - NATIONAL BIBLIOGRAPHIC AGENCY CONTROL NUMBER
Record control number 013315370
Source Uk
020 ## - INTERNATIONAL STANDARD BOOK NUMBER
International Standard Book Number 0334029791 (pbk.)
024 3# - OTHER STANDARD IDENTIFIER
Standard number or code 9780334029793
035 ## - SYSTEM CONTROL NUMBER
System control number (OCoLC)ocm62132545
035 ## - SYSTEM CONTROL NUMBER
System control number (NNC)5685254
040 ## - CATALOGING SOURCE
Original cataloging agency UKM
Transcribing agency UKM
Modifying agency BWKUK
050 #4 - LIBRARY OF CONGRESS CALL NUMBER
Classification number BR115.H85
Item number D321
082 04 - DEWEY DECIMAL CLASSIFICATION NUMBER
Classification number 211.6
Edition number 22
300 ## - PHYSICAL DESCRIPTION
Dimensions 22 cm.
100 1# - MAIN ENTRY--PERSONAL NAME
Personal name De Gruchy, John W.
9 (RLIN) 10527
245 10 - TITLE STATEMENT
Title Being human :
Remainder of title confessions of a Christian humanist /
Statement of responsibility, etc John W. de Gruchy.
260 ## - PUBLICATION, DISTRIBUTION, ETC. (IMPRINT)
Place of publication, distribution, etc London :
Name of publisher, distributor, etc SCM,
Date of publication, distribution, etc 2006.
300 ## - PHYSICAL DESCRIPTION
Extent vi, 218 p. ;
504 ## - BIBLIOGRAPHY, ETC. NOTE
Bibliography, etc Includes bibliographical references and index.
650 #0 - SUBJECT ADDED ENTRY--TOPICAL TERM
Topical term or geographic name as entry element Christianity and religious humanism.
9 (RLIN) 15158
650 #0 - SUBJECT ADDED ENTRY--TOPICAL TERM
Topical term or geographic name as entry element Humanism, Religious.
9 (RLIN) 15159
942 ## - ADDED ENTRY ELEMENTS (KOHA)
Source of classification or shelving scheme Library of Congress Classification
Koha item type Monograph ( Printed materials)
Koha issues (borrowed), all copies 1
948 1# - LOCAL PROCESSING INFORMATION (OCLC); SERIES PART DESIGNATOR (RLIN)
Series part designator, SPT (RLIN) 20060817
b (OCLC) c
c (OCLC) sds12
d (OCLC) MPS
Holdings
Withdrawn status Lost status Source of classification or shelving scheme Damaged status Not for loan Collection code Home library Current library Shelving location Date acquired Total Checkouts Full call number Barcode Date last seen Date checked out Price effective from Koha item type
    Library of Congress Classification     Main Collection ARRUPE LIBRARY ARRUPE LIBRARY Main Collection 17/02/2015 1 BR115.H85 D321 46500001036 15/11/2016 12/08/2015 17/02/2015 Monograph ( Printed materials)

 

Arrupe Library. PO Box MP320 Mt Pleasant, Harare, Zimbabwe
263 242 745411|librarian@aju.ac.zw